| 000 | 00593nam a2200205 a 4500 | ||
|---|---|---|---|
| 001 | 000033880 | ||
| 005 | 20200930070608.0 | ||
| 008 | 100201s1990 sp a 000 0 spa d | ||
| 020 | _a8478800336 | ||
| 040 |
_aDO-SdBNP _bspa _cBNPHU |
||
| 082 |
_axxxx _bnnnn, 1990 |
||
| 100 | 1 |
_aRico Godoy, Carmen _959315 |
|
| 245 | 1 | 0 |
_aComo ser una mujer y no morir en el intento / _cCarmen Rico Godoy. |
| 250 | _a7a. ed. | ||
| 260 |
_aMadrid : _bEdiciones Temas de Hoy, _c1990. |
||
| 300 |
_a196 p. ; : _bil. ; _c20 cm. |
||
| 490 | 1 | _aEl Papagayo | |
| 830 | 0 |
_aEl Papagayo _943887 |
|
| 049 | _aEn proceso | ||
| 999 |
_c33371 _d33371 |
||